| 000 | 00361nam a22001457a 4500 | ||
|---|---|---|---|
| 008 | 250321b |||||||| |||| 00| 0 eng d | ||
| 020 | _a9780702083471 | ||
| 050 |
_aRC46 _b.D24 |
||
| 245 | _aDavidson's principles and practice of medicine | ||
| 250 | _a24th | ||
| 260 |
_aU.S _bElsevier _c2023 |
||
| 300 | _axx,1537p | ||
| 650 | _aInternal medicine | ||
| 942 | _cBK | ||
| 999 |
_c2595 _d2595 |
||